<?xml version="1.0" encoding="UTF-8"?>
<marc:record xmlns:marc="http://www.loc.gov/MARC21/slim">
   <marc:leader>00000nam a2200000 a 4500</marc:leader>
   <marc:datafield ind1="1" ind2=" " tag="100">
      <marc:subfield code="a">Nielitz-Hart, Lilly</marc:subfield>
      <marc:subfield code="4">aut</marc:subfield>
      <marc:subfield code="e">Verfasser/-in</marc:subfield>
   </marc:datafield>
   <marc:datafield ind1="1" ind2=" " tag="100">
      <marc:subfield code="a">Hart, Simon</marc:subfield>
      <marc:subfield code="4">aut</marc:subfield>
      <marc:subfield code="e">Verfasser/-in</marc:subfield>
   </marc:datafield>
   <marc:datafield ind1=" " ind2=" " tag="653">
      <marc:subfield code="a">Individualreisende</marc:subfield>
   </marc:datafield>
   <marc:datafield ind1=" " ind2=" " tag="653">
      <marc:subfield code="a">Stadtführer</marc:subfield>
   </marc:datafield>
   <marc:datafield ind1=" " ind2=" " tag="653">
      <marc:subfield code="a">City Guide</marc:subfield>
   </marc:datafield>
   <marc:datafield ind1=" " ind2=" " tag="653">
      <marc:subfield code="a">Schottland</marc:subfield>
   </marc:datafield>
   <marc:datafield ind1=" " ind2=" " tag="653">
      <marc:subfield code="a">Großbritannien</marc:subfield>
   </marc:datafield>
   <marc:datafield ind1=" " ind2=" " tag="653">
      <marc:subfield code="a">2022</marc:subfield>
   </marc:datafield>
   <marc:datafield ind1=" " ind2=" " tag="653">
      <marc:subfield code="a">Festival</marc:subfield>
   </marc:datafield>
   <marc:datafield ind1=" " ind2=" " tag="653">
      <marc:subfield code="a">Schottisch</marc:subfield>
   </marc:datafield>
   <marc:datafield ind1=" " ind2=" " tag="653">
      <marc:subfield code="a">Kurztrip</marc:subfield>
   </marc:datafield>
   <marc:datafield ind1=" " ind2=" " tag="653">
      <marc:subfield code="a">Wochenende</marc:subfield>
   </marc:datafield>
   <marc:datafield ind1=" " ind2=" " tag="653">
      <marc:subfield code="a">Arthur’s Seat</marc:subfield>
   </marc:datafield>
   <marc:datafield ind1=" " ind2=" " tag="653">
      <marc:subfield code="a">Fringe</marc:subfield>
   </marc:datafield>
   <marc:datafield ind1=" " ind2=" " tag="653">
      <marc:subfield code="a">UK</marc:subfield>
   </marc:datafield>
   <marc:datafield ind1=" " ind2=" " tag="653">
      <marc:subfield code="a">Leith</marc:subfield>
   </marc:datafield>
   <marc:datafield ind1=" " ind2=" " tag="653">
      <marc:subfield code="a">South Queensferry</marc:subfield>
   </marc:datafield>
   <marc:datafield ind1=" " ind2=" " tag="653">
      <marc:subfield code="a">Berwick</marc:subfield>
   </marc:datafield>
   <marc:datafield ind1=" " ind2=" " tag="653">
      <marc:subfield code="a">Calton Hill</marc:subfield>
   </marc:datafield>
   <marc:datafield ind1=" " ind2=" " tag="653">
      <marc:subfield code="a">Firth of Forth</marc:subfield>
   </marc:datafield>
   <marc:datafield ind1=" " ind2=" " tag="653">
      <marc:subfield code="a">Softcover / Reisen/Reiseführer/Europa</marc:subfield>
   </marc:datafield>
   <marc:datafield ind1="0" ind2="0" tag="245">
      <marc:subfield code="a">Edinburgh</marc:subfield>
   </marc:datafield>
   <marc:datafield ind1="0" ind2="0" tag="245">
      <marc:subfield code="c">Simon Hart, Lilly Nielitz-Hart</marc:subfield>
   </marc:datafield>
   <marc:datafield ind1=" " ind2="1" tag="264">
      <marc:subfield code="a">Bielefeld</marc:subfield>
      <marc:subfield code="b">Reise Know-How</marc:subfield>
      <marc:subfield code="c">2022</marc:subfield>
   </marc:datafield>
   <marc:datafield ind1="1" ind2=" " tag="490">
      <marc:subfield code="a">CityTrip</marc:subfield>
   </marc:datafield>
   <marc:datafield ind1=" " ind2=" " tag="250">
      <marc:subfield code="a">7., neu bearbeitete und aktualisierte Auflage</marc:subfield>
   </marc:datafield>
   <marc:datafield ind1="1" ind2=" " tag="520">
      <marc:subfield code="a">Angaben aus der Verlagsmeldung

Reise Know-How CityTrip Edinburgh : Reiseführer mit Stadtplan und kostenloser Web-App / von Simon Hart, Lilly Nielitz-Hart

Dieser aktuelle Stadtführer ist der ideale Begleiter, um alle Seiten der schottischen Hauptstadt selbstständig zu entdecken:
- Die wichtigsten Sehenswürdigkeiten und Museen der Stadt sowie weniger bekannte Attraktionen und Viertel ausführlich vorgestellt und bewertet
- Faszinierende Architektur: mittelalterliche Altstadt, klassizistische Neustadt und moderne Einkaufstempel
- Abwechslungsreiche Stadtspaziergänge
- Erlebnisvorschläge für einen Kurztrip
- Ausflüge nach Leith, South Queensferry, Portobello und North Berwick
- Shoppingtipps vom Kilt-Shop bis zur Einkaufspassage
- Die besten Lokale der Stadt und allerlei Wissenswertes über die schottische Küche
- Tipps für die Abend- und Nachtgestaltung: von der Bühne bis zum urigen Pub
- Von Maria Stuart bis zu den Highlandclans: Edinburgh als Schauplatz der Geschichte
- Edinburgh zum Durchatmen: Princes Street Gardens, Union Canal und Holyrood Park
- Ausgewählte Unterkünfte von preiswert bis ausgefallen
- Alle praktischen Infos zu Anreise, Preisen, Stadtverkehr, Touren, Events, Hilfe im Notfall ...
- Hintergrundartikel mit Tiefgang: Geschichte, Mentalität der Bewohner, Leben in der Stadt ...
- Kleine Sprachhilfe Englisch mit den wichtigsten Vokabeln für den Reisealltag
- Faltplan zum Herausnehmen

Dazu: kostenlose Web-App für Smartphone, Tablet und PC mit Stadtplan- und Satellitenansichten passend zum Text, Routenführung zu allen beschriebenen Sehenswürdigkeiten, Verlauf der Stadtspaziergänge, seitenbezogenen Updates nach Redaktionsschluss sowie einem Mini-Audiotrainer Englisch

++++ CityTrip - die aktuellen Stadtführer von Reise Know-How, mit über 160 Städtezielen die weltweit umfangreichste Kollektion. Fundiert, übersichtlich, praktisch.

REISE KNOW-HOW - Reiseführer für individuelle Reisen
</marc:subfield>
   </marc:datafield>
   <marc:datafield ind1=" " ind2=" " tag="020">
      <marc:subfield code="a">9783831733880</marc:subfield>
      <marc:subfield code="9">9783831733880</marc:subfield>
   </marc:datafield>
   <marc:datafield ind1=" " ind2=" " tag="020">
      <marc:subfield code="a">3831733880</marc:subfield>
      <marc:subfield code="9">3831733880</marc:subfield>
   </marc:datafield>
   <marc:datafield ind1=" " ind2=" " tag="041">
      <marc:subfield code="a">ger</marc:subfield>
   </marc:datafield>
   <marc:datafield ind1=" " ind2=" " tag="300">
      <marc:subfield code="a">144 Seiten</marc:subfield>
   </marc:datafield>
</marc:record>
